000
00282nam a2200097Ia 4500
001
1229190
005
20250827093056.0
008
250824s9999 xx 000 0 und d
245
0
_a
BİR SORUN VAR BEN NERELİYİM
_c
JAMIE KELLY
260
_b
ALTIN KİTAPLAR YAYINLARI
999
_c
1229190
_d
1229190